| 000 | 00544cam a22001457a 4500 | ||
|---|---|---|---|
| 008 | 180718b1963 xxu||||| |||| 00| 0 eng d | ||
| 082 | _aT19x54 M883e | ||
| 100 | _aMudaliar, Sir A. Ramaswami | ||
| 245 |
_aEconomic and financial aspects of the present crisis _cby Sir A. Ramaswami Mudaliar |
||
| 260 |
_aBombay _bIndian Merchants' Chamber Econ. Res. & Training Foundation _c1963 |
||
| 300 | _a12p. | ||
| 500 | _aB.F. Madon Memorial Lectures, 1963 | ||
| 650 | _aIndia - China War, 1962 - Economic Ashects | ||
| 650 | _aIndia - Economic conditions | ||
| 999 |
_c480662 _d480662 |
||